000 00225nam a2200121Ia 4500
100 _a#N/A
942 _cBK
245 _aSPD/ PHP 5.1 for beginners
260 _b#N/A
082 _b21914
546 _aENGLISH
999 _c25796
_d25796